000 01470nam a2200325 a 4500
999 _c475367
_d475367
003 BLK
005 20240313132633.0
008 180411b bul|||||r ||||||| ||bul||
020 _a9786197186833
040 _aBLK
041 _aBUL
_cBUL
080 _aИстория на Втората световна война (1939-1945)
_b94(100)"1939/1945"
_z94(100)"1939/1945"
080 _aМеждународно наказателно право. Наказуеми действия в общото и в международното право. Наказуеми лица. Екстрадиция(правни аспекти)
_b341.4
_z341.4
100 _aЪрвинг, Дейвид
_eпърви автор
_9481562
139 _aЪрвинг, Дейвид
_bЪ
245 1 0 _aНюрнберг
_bПоследната битка
_cДейвид Ървинг ; прев. Живко Войников.
257 _aGBR
260 _aПлевен
_bЕделвайс
_c2022
_9220054
_n978-619-
300 _a500 с.
_c23 см
380 _a9
650 0 _9261940
_aИстория, най-нова
650 0 _9266732
_aВтора световна война
650 7 _9164373
_aНюрнбергски процес
700 _9966
_aВойников, Живко Гочев
_eпрев.
852 _bП
_c94(100)"1939/1945"/Ъ
852 _aЦб 315589
_bЦб
856 _i0.00
_ldisable
942 _cKNG
_n0
_s1
_04
944 _aCR
_k30531
_lЦветелина Шанова